Statistics for The General Knowledge Quiz #2

Click here to take the quiz!

General Stats

  • This quiz has been taken 824 times
    (704 since last reset)
  • The average score is 6 of 20

Answer Stats

QuestioAnswer% Correct
Who is the Chancellor of Germany?Angela Merkel
69%
Which city has the busiest airport system?London
62%
What is the name of the yellow Teletubby?Laa-Laa
53%
What is the British term for an American first floor?Ground Floor
44%
How many countries are in the Eurozone?19
42%
Divorced, Beheaded, Died. Divorced, Beheaded, _________?Survived
41%
The Canadian National Anthem is?O Canada
40%
What is -40ºF in Celsius?-40ºC
35%
Who wrote the book Jane Eyre?Charlotte Brontë
31%
Who created 30 Rock?Tina Fey
28%
Who has the record for the most goals in NHL?Wayne Gretzky
27%
What was the most watched series finale in America?M*A*S*H
25%
In which country was the largest earthqauke recorded?Chile
20%
What is your fear if you have Emetophobia?Fear of Vomit
16%
Who has the most followers on Twitter?Katy Perry
16%
Who invented the World Wide Web?Sir Tim Berners-Lee
16%
What two coins add up to 30 cents but one of them is not a nickel?A Quarter and a Nickel
13%
Which animal does chevon come from?Goat
12%
What is the tallest building in North America?1 World Trade Center
8%
Where was the Big Dig Megaproject ?Boston
7%

Score Distribution

Percentile by Number Answered

Percent of People with Each Score

Your Score History

You have not taken this quiz since the last reset